| 000 | 00786cam a22002773a 4500 | ||
|---|---|---|---|
| 001 | 1298 | ||
| 003 | PGUSA | ||
| 005 | 20140828082959.0 | ||
| 008 | 980501s1998||||xxu|||||s|||||000 1 eng d | ||
| 040 |
_aPGUSA _beng |
||
| 042 | _adc | ||
| 050 | 4 | _aPS | |
| 100 | 1 |
_aWister, Owen, _d1860-1938 |
|
| 245 | 1 | 4 |
_aThe Virginian : _bA Horseman of the Plains _h[electronic resource] / _cOwen Wister |
| 260 |
_bProject Gutenberg, _c1998 |
||
| 506 | _aPublic domain in the USA. | ||
| 516 | _aElectronic text | ||
| 653 | _aWyoming -- Fiction | ||
| 653 | _aCattle stealing -- Fiction | ||
| 653 | _aWestern stories | ||
| 653 | _aVigilantes -- Fiction | ||
| 653 | _aCowboys -- Fiction | ||
| 830 | 0 |
_aProject Gutenberg _v1298 |
|
| 856 | 4 | 0 | _uhttp://www.gutenberg.org/ebooks/1298 |
| 942 | _cEB | ||
| 999 |
_c230646 _d230646 |
||